Workplace substance-use norms as predictors of employee substance use and impairment : A survey of U.S. workers /
Đã lưu trong:
| 主要作者: | |
|---|---|
| 其他作者: | |
| 格式: | Bài viết |
| 语言: | English |
| 主题: | |
| 标签: |
添加标签
没有标签, 成为第一个标记此记录!
|
| Thư viện lưu trữ: | Thư viện Trường Đại học Đà Lạt |
|---|
| LEADER | 01026nam a2200337 4500 | ||
|---|---|---|---|
| 001 | DLU110130148 | ||
| 005 | ##20111223 | ||
| 040 | # | # | |a DLU |b eng |
| 041 | # | # | |a eng |
| 044 | # | # | |a us |
| 100 | # | # | |a Frone, Michael R. |
| 245 | # | # | |a Workplace substance-use norms as predictors of employee substance use and impairment : A survey of U.S. workers / |c Michael R. Frone, Amy L. Brown. |
| 653 | # | # | |a Alcohol use |
| 653 | # | # | |a Correlation analysis |
| 653 | # | # | |a Drug use |
| 653 | # | # | |a Employees |
| 653 | # | # | |a Human performance |
| 653 | # | # | |a Social conditions |
| 653 | # | # | |a Social trends |
| 653 | # | # | |a United States |
| 700 | # | # | |a Brown, Amy L. |
| 773 | # | # | |t Journal of studies on alcohol and drugs |g Vol. 71, no. 4 (July 2010), p. 526-534 |
| 920 | # | # | |a Phòng Tạp chí -- Trung tâm Thông tin - Thư viện Trường Đại học Đà Lạt |
| 994 | # | # | |a DLU |
| 900 | # | # | |a True |
| 911 | # | # | |a Trương Bảo Trâm Anh |
| 925 | # | # | |a G |
| 926 | # | # | |a A |
| 927 | # | # | |a BB |
| 980 | # | # | |a Thư viện Trường Đại học Đà Lạt |